000 00878nam a2200241Ia 4500
001 8485
003 GE_BSU
008 181216s||||||||xx |||||||||||||| ||und||
040 _cGE_BSU
080 _a82-93
100 _aზარნაძე,გიზო.
245 _aჩემი ყავარჯნიანი მამა.
245 _bმოთხრობა.სასკოლო ასაკის ბავშვებისათვის.
245 _cრედ:ლ.ქადაგიშვილი;მხატვ:გ.ნარმანია.
260 _aთბილისი.
260 _bნაკადული.
260 _c1967.
300 _a130გვ;ილ;16სმ.
653 _aმოთხრობა
653 _aმოთხრობა
653 _aჩემი ყავარჯნიანი მამა.
942 _cBK
999 _c41802
_d41802